| 000 | 00725 a2200265 4500 | ||
|---|---|---|---|
| 260 | _aParis | ||
| 260 | _bMasson | ||
| 245 | _aVol1 : Pédogenèse et classification. - 2e ed. rev. et augm. Vol2 : constituants et propriétés du sol/Maurice Bonneau et Bernard Souchier | ||
| 300 | _a2vol.,XIV-491 p., XX-665 p. | ||
| 700 | _aDUCHAUFOUR, Philippe | ||
| 650 | _a<Sols> | ||
| 440 | _aPédologie | ||
| 260 | _c1983-1984 | ||
| 300 | _bill., fig., cartes ; 25 cm. | ||
| 130 | _lFr. | ||
| 035 | _a12898 | ||
| 035 | _a12899 | ||
| 250 | _a2e ed. | ||
| 020 | _a2-225-79673-4 | ||
| 020 | _a2-225-84019-9 | ||
| 999 |
_c10285 _d10285 |
||